[Event "Loire jeunes 2013 - Minimes"]
[Site "Roanne"]
[Date "2013.10.19"]
[Round "1.1"]
[White "Rasle, Corentin"]
[Black "Allabrune, Guillaume"]
[Result "1/2-1/2"]
[WhiteElo "1770"]
[BlackElo "1335"]
[PlyCount "90"]
[EventDate "2013.??.??"]

1. f4 Nf6 2. Nf3 g6 3. e3 Bg7 4. Nc3 O-O 5. Be2 c5 6. O-O a6 7. d3 b5 8. a3 Nc6
9. e4 d6 10. Rb1 Bg4 11. Nh4 Bxe2 12. Qxe2 Nd4 13. Qd1 Qd7 14. Ne2 Ne8 15. Be3
Nxe2+ 16. Qxe2 Nc7 17. f5 Kh8 18. c3 a5 19. Qd2 Bf6 20. Bg5 Bxg5 21. Qxg5 Kg7
22. f6+ exf6 23. Qxf6+ Kg8 24. Rf3 Ne8 25. Qf4 Ng7 26. Rbf1 Qe6 27. Rh3 h5 28.
Nf3 f5 29. Ng5 Qe5 30. Rhf3 Qxf4 31. Rxf4 fxe4 32. Nxe4 Rxf4 33. Rxf4 Ne8 34.
Kf2 Ra7 35. Nf6+ Nxf6 36. Rxf6 Rf7 37. Rxf7 Kxf7 38. Kf3 g5 39. g3 Kf6 40. h4
gxh4 41. gxh4 Kf5 42. b3 d5 43. a4 bxa4 44. bxa4 d4 45. c4 Ke5 1/2-1/2

[Event "Loire jeunes 2013 - Minimes"]
[Site "Roanne"]
[Date "2013.10.19"]
[Round "1.2"]
[White "Villemagne, Antoine"]
[Black "Buisine, Roman"]
[Result "0-1"]
[WhiteElo "1270"]
[BlackElo "1688"]
[PlyCount "76"]
[EventDate "2013.??.??"]

1. e4 c5 2. Nc3 e6 3. g3 d5 4. exd5 exd5 5. Bg2 Nf6 6. Nge2 Be6 7. O-O Be7 8.
f4 Qd7 9. d3 h5 10. Be3 d4 11. Bf2 dxc3 12. bxc3 Nc6 13. d4 Ng4 14. d5 Nxf2 15.
Rxf2 O-O-O 16. c4 Bg4 17. Bf3 Bxf3 18. Rxf3 Bf6 19. Rb1 Nb8 20. Rfb3 Rhe8 21.
Rxb7 Qxb7 22. Rxb7 Kxb7 23. Qb1+ Kc7 24. Nc3 Bxc3 25. Qb5 Bd4+ 26. Kg2 Kd6 27.
Kh3 Ke7 28. g4 hxg4+ 29. Kxg4 Kf8 30. c3 Bg1 31. h4 Nd7 32. Qc6 Nf6+ 33. Kg5
Kg8 34. d6 Re6 35. Qc7 Rexd6 36. h5 R6d7 37. Qc6 Rd2 38. h6 Nh7+ 0-1

[Event "Loire jeunes 2013 - Minimes"]
[Site "Roanne"]
[Date "2013.10.19"]
[Round "1.3"]
[White "Coulomb, Marc"]
[Black "Blanchin, Benjamin"]
[Result "1-0"]
[WhiteElo "1600"]
[BlackElo "1190"]
[PlyCount "43"]
[EventDate "2013.??.??"]

1. Nf3 Nf6 2. d4 d5 3. e3 Nc6 4. c4 e6 5. c5 b6 6. Bb5 Bd7 7. Ne5 Ke7 8. Bxc6
Bxc6 9. Nxc6+ Kd7 10. Nxd8 Kxd8 11. b4 bxc5 12. bxc5 c6 13. O-O g6 14. Nd2 Ne4
15. Nxe4 dxe4 16. Qa4 Kc7 17. Qa5+ Kd7 18. Bb2 f5 19. d5 exd5 20. Bxh8 Bh6 21.
Be5 Rb8 22. Bxb8 1-0

[Event "Loire jeunes 2013 - Minimes"]
[Site "Roanne"]
[Date "2013.10.19"]
[Round "1.4"]
[White "Prando, Julien"]
[Black "Acikgoz, Tuncay"]
[Result "0-1"]
[WhiteElo "1160"]
[BlackElo "1590"]
[PlyCount "64"]
[EventDate "2013.??.??"]

1. e4 c6 2. Nc3 d5 3. d3 dxe4 4. Nxe4 Nf6 5. Nc5 e6 6. Be3 Bd6 7. d4 Nd5 8. Bd2
O-O 9. c3 Nd7 10. c4 N5f6 11. b4 Re8 12. Bc3 e5 13. d5 cxd5 14. cxd5 Nxc5 15.
bxc5 Bxc5 16. Bc4 Ne4 17. Nh3 Bxh3 18. Qf3 Nxc3 19. gxh3 Bb4 20. Kf1 Qh4 21.
Qd3 Qe4 22. f3 Qxd3+ 23. Bxd3 Nxd5 24. Be4 Rad8 25. Ke2 Nf4+ 26. Kf2 Rd2+ 27.
Kf1 Red8 28. Bc2 Rxc2 29. Rb1 Rdd2 30. a4 Rf2+ 31. Kg1 Rg2+ 32. Kf1 Rcf2# 0-1

[Event "Loire jeunes 2013 - Minimes"]
[Site "Roanne"]
[Date "2013.10.19"]
[Round "1.5"]
[White "Moreira, Valentin"]
[Black "Moreira, Florian"]
[Result "1-0"]
[WhiteElo "1200"]
[BlackElo "1190"]
[PlyCount "99"]
[EventDate "2013.??.??"]

1. e4 e5 2. d4 d6 3. dxe5 Qe7 4. exd6 Qxe4+ 5. Qe2 Qxe2+ 6. Bxe2 cxd6 7. Nf3
Bf5 8. Nd4 Bg6 9. Nb5 Na6 10. Bf4 d5 11. N1c3 Bb4 12. O-O-O Bxc3 13. Nxc3 Nf6
14. Nxd5 Ne4 15. Bxa6 O-O 16. Ne7+ Kh8 17. Bxb7 Rae8 18. Bxe4 Rxe7 19. Bd6 Rxe4
20. Bxf8 Re2 21. Rd8 Rxc2+ 22. Kd1 h6 23. Ba3+ Kh7 24. Rd2 Rc8 25. Re1 f5 26.
Re6 Bf7 27. Re7 Bxa2 28. Rdd7 Bb3+ 29. Ke2 Rc2+ 30. Rd2 Bc4+ 31. Kd1 Rxd2+ 32.
Kxd2 Bd5 33. g3 h5 34. b4 Kg6 35. Bb2 Kg5 36. Rxg7+ Kh6 37. Rxa7 Be4 38. Bg7+
Kg6 39. Ba1 Kg5 40. Ra6 Kg4 41. Ra5 Kh3 42. Re5 Bb1 43. Ke3 Kg4 44. f3+ Kh3 45.
g4 hxg4 46. Rxf5 Bxf5 47. fxg4 Bxg4 48. b5 Kxh2 49. b6 Kg3 50. b7 1-0

[Event "Loire jeunes 2013 - Minimes"]
[Site "Roanne"]
[Date "2013.10.19"]
[Round "2.1"]
[White "Buisine, Roman"]
[Black "Coulomb, Marc"]
[Result "1-0"]
[WhiteElo "1688"]
[BlackElo "1600"]
[PlyCount "85"]
[EventDate "2013.??.??"]

1. e4 e5 2. Nf3 Nc6 3. Bb5 a6 4. Bxc6 dxc6 5. O-O Bg4 6. d3 c5 7. Be3 Qf6 8.
Nbd2 O-O-O 9. Bg5 Qxg5 10. Nxg5 Bxd1 11. Raxd1 Nh6 12. f4 Be7 13. Nh3 Ng4 14.
Rf3 f6 15. Rg3 h5 16. Rf1 Bd6 17. Nc4 b5 18. fxe5 bxc4 19. exd6 cxd3 20. dxc7
Kxc7 21. cxd3 g6 22. Nf4 Rdg8 23. Nd5+ Kb7 24. Nxf6 Rf8 25. Nxg4 Rxf1+ 26. Kxf1
hxg4 27. Rxg4 Rd8 28. Ke2 Rd6 29. Rg5 Kc6 30. g4 a5 31. h4 a4 32. h5 gxh5 33.
gxh5 Rh6 34. Rg6+ Rxg6 35. hxg6 Kb5 36. g7 c4 37. dxc4+ Kxc4 38. g8=Q+ Kb4 39.
Kd3 Kb5 40. Qe6 Ka5 41. Kc4 a3 42. Qc6 axb2 43. Qb5# 1-0

[Event "Loire jeunes 2013 - Minimes"]
[Site "Roanne"]
[Date "2013.10.19"]
[Round "2.2"]
[White "Acikgoz, Tuncay"]
[Black "Rasle, Corentin"]
[Result "1/2-1/2"]
[WhiteElo "1590"]
[BlackElo "1770"]
[PlyCount "112"]
[EventDate "2013.??.??"]

1. d4 Nf6 2. Nf3 g6 3. g3 c5 4. c3 Bg7 5. Bg2 cxd4 6. cxd4 O-O 7. O-O d5 8. Bf4
Bf5 9. Qb3 b6 10. Nbd2 Nc6 11. Qc3 Rc8 12. Qa3 Ne4 13. e3 Qd7 14. Nxe4 Bxe4 15.
Rac1 h6 16. h4 Qf5 17. Qa4 Qe6 18. Kh2 Bxf3 19. Bxf3 Bf6 20. Bxh6 Rfd8 21. Qd1
Qd7 22. Bg4 e6 23. Qf3 Qe7 24. Bh3 Na5 25. b3 Nb7 26. Qg4 Nd6 27. Bg2 a6 28. f4
Kh7 29. Bg5 Nf5 30. Qe2 Kg7 31. Bxf6+ Qxf6 32. Rxc8 Rxc8 33. Re1 b5 34. Bh3 Nd6
35. Bg2 Qe7 36. Rd1 Rc6 37. Kh3 Qc7 38. Rd2 Rc3 39. g4 b4 40. Bf3 Nb5 41. Rd3
a5 42. Rxc3 Qxc3 43. Qxb5 Qxe3 44. Kg3 Qxd4 45. Qb8 Qg1+ 46. Bg2 Qe1+ 47. Kh3
Qe3+ 48. Kh2 Qc3 49. Qe5+ Kg8 50. Qb8+ Kh7 51. Qe8 Qf6 52. Kg3 Qc3+ 53. Bf3 Kg7
54. Qb8 Qe1+ 55. Kh3 Qf1+ 56. Bg2 Qd3+ 1/2-1/2

[Event "Loire jeunes 2013 - Minimes"]
[Site "Roanne"]
[Date "2013.10.19"]
[Round "2.3"]
[White "Allabrune, Guillaume"]
[Black "Moreira, Valentin"]
[Result "1-0"]
[WhiteElo "1335"]
[BlackElo "1200"]
[PlyCount "43"]
[EventDate "2013.??.??"]

1. c4 c5 2. b3 b5 3. cxb5 d5 4. Bb2 d4 5. e4 Bb7 6. d3 Nd7 7. Be2 Ngf6 8. Nd2
e5 9. Ngf3 Qa5 10. a4 Be7 11. O-O a6 12. Nc4 Qc7 13. Qc2 axb5 14. axb5 O-O 15.
Rfc1 Rxa1 16. Rxa1 Bd6 17. Ra7 Re8 18. Rxb7 Qxb7 19. Nxd6 Qb8 20. Nxe8 Nxe8 21.
Qc4 Nd6 22. Qd5 1-0

[Event "Loire jeunes 2013 - Minimes"]
[Site "Roanne"]
[Date "2013.10.19"]
[Round "2.4"]
[White "Moreira, Florian"]
[Black "Villemagne, Antoine"]
[Result "0-1"]
[WhiteElo "1190"]
[BlackElo "1270"]
[PlyCount "34"]
[EventDate "2013.??.??"]

1. b4 e5 2. Bb2 d6 3. e3 Nf6 4. c4 Bf5 5. d3 e4 6. Bxf6 Qxf6 7. d4 d5 8. c5 b6
9. Qc1 Be7 10. Nd2 O-O 11. Nb3 Nc6 12. a3 a5 13. b5 a4 14. bxc6 axb3 15. Qb2
Qxc6 16. Qxb3 bxc5 17. dxc5 Bxc5 0-1

[Event "Loire jeunes 2013 - Minimes"]
[Site "Roanne"]
[Date "2013.10.19"]
[Round "2.5"]
[White "Blanchin, Benjamin"]
[Black "Prando, Julien"]
[Result "1-0"]
[WhiteElo "1190"]
[BlackElo "1160"]
[PlyCount "125"]
[EventDate "2013.??.??"]

1. e4 e5 2. Nf3 Nc6 3. d4 Nxd4 4. Nxe5 d6 5. Qxd4 dxe5 6. Qxd8+ Kxd8 7. Bc4 Be6
8. Bg5+ Nf6 9. Bxf6+ gxf6 10. Bxe6 fxe6 11. Nc3 Bh6 12. O-O Rg8 13. Rad1+ Ke8
14. Nb5 Rg7 15. f3 a6 16. Nc3 b5 17. g3 c5 18. f4 exf4 19. g4 Rxg4+ 20. Kh1 b4
21. Na4 c4 22. Nc5 Bf8 23. Nxe6 Bh6 24. Nc7+ Ke7 25. Nxa8 a5 26. Rd4 c3 27.
bxc3 bxc3 28. Rc4 Ke6 29. Rxc3 Ke5 30. Rc4 f5 31. exf5 Kxf5 32. h3 Rg3 33. Kh2
Ke5 34. Rc5+ Ke4 35. Rxa5 Re3 36. Ra6 Bf8 37. Re6+ Kd4 38. Rxe3 Kxe3 39. c4 Bc5
40. Kg2 f3+ 41. Rxf3+ Kd4 42. a4 Kxc4 43. Rf7 h6 44. Rc7 Kb4 45. a5 Bd6 46. Rc6
Bf4 47. a6 Kb5 48. Rf6 Bg5 49. Rg6 Be3 50. Nc7+ Kc5 51. a7 Kc4 52. a8=R h5 53.
Rd6 h4 54. Ne8 Kc3 55. Rc8+ Kb4 56. Rd7 Kb5 57. Rb7+ Ka6 58. Rb1 Bd4 59. Rc2
Bb6 60. Rcb2 Bd8 61. Ra2+ Ba5 62. Rbb2 Ka7 63. Rxa5# 1-0

[Event "Loire jeunes 2013 - Minimes"]
[Site "Roanne"]
[Date "2013.10.19"]
[Round "3.1"]
[White "Acikgoz, Tuncay"]
[Black "Buisine, Roman"]
[Result "0-1"]
[WhiteElo "1590"]
[BlackElo "1688"]
[PlyCount "146"]
[EventDate "2013.??.??"]

1. d4 Nf6 2. Nf3 e6 3. g3 d5 4. Bg2 c5 5. c3 Nc6 6. O-O Bd6 7. e3 O-O 8. Nbd2
b5 9. Re1 Bb7 10. Qb3 Qb6 11. dxc5 Bxc5 12. Nd4 a6 13. a4 b4 14. Nxc6 Bxc6 15.
a5 Qb7 16. Qc2 Rfc8 17. Nb3 Bd6 18. Nd4 bxc3 19. bxc3 Bb5 20. Nxb5 axb5 21. Qb3
Qc6 22. Bd2 Nd7 23. Reb1 Rcb8 24. Bf1 Ne5 25. Be2 Nc4 26. Bxc4 bxc4 27. Qc2 Rb5
28. Rxb5 Qxb5 29. Qa4 Qxa4 30. Rxa4 Bc7 31. a6 Kf8 32. Bc1 Bd6 33. Ba3 Bxa3 34.
Rxa3 Ra7 35. Kf1 Ke7 36. Ke2 Kd6 37. f3 Kc6 38. e4 dxe4 39. fxe4 Kb6 40. Ra4
Rxa6 41. Rxc4 Ra2+ 42. Kf3 Rxh2 43. e5 Rd2 44. Ke3 Rd5 45. Ke4 Rc5 46. Rb4+ Kc6
47. Kd4 Rd5+ 48. Ke4 Rd7 49. Rc4+ Kb7 50. g4 Rc7 51. Rb4+ Kc8 52. Kd4 Kd7 53.
g5 Ke7 54. Kd3 f6 55. gxf6+ gxf6 56. exf6+ Kxf6 57. Rf4+ Ke5 58. Rh4 Kf5 59.
Rh5+ Kg6 60. Rh3 h5 61. Ke4 Kg5 62. Ke5 Kg4 63. Rd3 Rc6 64. Kf6 h4 65. Ke5 h3
66. Rd4+ Kg3 67. Rd3+ Kg2 68. Rd2+ Kf1 69. Rh2 Rxc3 70. Kxe6 Rf3 71. Ra2 Rf2
72. Ra8 h2 73. Rh8 Kg1 0-1

[Event "Loire jeunes 2013 - Minimes"]
[Site "Roanne"]
[Date "2013.10.19"]
[Round "3.2"]
[White "Blanchin, Benjamin"]
[Black "Allabrune, Guillaume"]
[Result "0-1"]
[WhiteElo "1190"]
[BlackElo "1335"]
[PlyCount "66"]
[EventDate "2013.??.??"]

1. e4 d6 2. Nf3 g6 3. d4 Bg7 4. d5 c5 5. Bb5+ Bd7 6. Bxd7+ Nxd7 7. c4 Ngf6 8.
Nc3 O-O 9. O-O Ng4 10. Be3 Nxe3 11. fxe3 Bxc3 12. bxc3 Nf6 13. Qc2 h6 14. g3
Qd7 15. e5 Ng4 16. e6 Nxe3 17. exd7 Nxc2 18. Rab1 b6 19. Rb3 Ne3 20. Re1 Nxc4
21. Rxe7 a6 22. Rb1 b5 23. Rbe1 Rfd8 24. Re8+ Kg7 25. Rxd8 Rxd8 26. Re7 Nb6 27.
h4 Kf8 28. Re4 Nxd5 29. g4 Nxc3 30. Rf4 Ne2+ 31. Kf2 Nxf4 32. h5 Rxd7 33. hxg6
fxg6 0-1

[Event "Loire jeunes 2013 - Minimes"]
[Site "Roanne"]
[Date "2013.10.19"]
[Round "3.3"]
[White "Coulomb, Marc"]
[Black "Villemagne, Antoine"]
[Result "1-0"]
[WhiteElo "1600"]
[BlackElo "1270"]
[PlyCount "53"]
[EventDate "2013.??.??"]

1. d4 d5 2. c4 dxc4 3. e4 Nf6 4. Nc3 Be6 5. Nf3 Nbd7 6. h3 c6 7. Ng5 c5 8. Nxe6
fxe6 9. dxc5 Nxc5 10. Qf3 Qb6 11. Bxc4 O-O-O 12. O-O Qb4 13. b3 b5 14. a3 Qa5
15. b4 Qc7 16. Nxb5 Qe5 17. bxc5 Qxa1 18. Bxe6+ Nd7 19. e5 Kb8 20. Bxd7 Rxd7
21. e6 Rd8 22. Bf4+ Rd6 23. Bxd6+ exd6 24. Rxa1 Be7 25. cxd6 Bf6 26. Nc7 Bxa1
27. Qa8# 1-0

[Event "Loire jeunes 2013 - Minimes"]
[Site "Roanne"]
[Date "2013.10.19"]
[Round "3.4"]
[White "Rasle, Corentin"]
[Black "Moreira, Florian"]
[Result "1-0"]
[WhiteElo "1770"]
[BlackElo "1190"]
[PlyCount "33"]
[EventDate "2013.??.??"]

1. f4 e6 2. Nf3 d5 3. e3 Nf6 4. b3 Nc6 5. Bb5 Bd7 6. Bb2 Be7 7. O-O O-O 8. Bxc6
Bxc6 9. Ne5 Bb5 10. d3 Bc5 11. Rf3 Nh5 12. Rh3 g6 13. Qg4 Nf6 14. Qh4 h5 15.
Qg5 c6 16. Nxc6 Bxc6 17. Bxf6 1-0

[Event "Loire jeunes 2013 - Minimes"]
[Site "Roanne"]
[Date "2013.10.20"]
[Round "4.1"]
[White "Buisine, Roman"]
[Black "Allabrune, Guillaume"]
[Result "1/2-1/2"]
[WhiteElo "1688"]
[BlackElo "1335"]
[PlyCount "77"]
[EventDate "2013.??.??"]

1. e4 d6 2. d4 g6 3. g3 Bg7 4. Bg2 Nf6 5. Ne2 O-O 6. O-O e5 7. c3 b6 8. f4 Nbd7
9. Nd2 Bb7 10. Qc2 Rb8 11. h3 Nh5 12. f5 g5 13. Kh2 Bf6 14. Bf3 Ng7 15. g4 h6
16. Nc4 Re8 17. Be3 Qc8 18. Rg1 Kh7 19. Rg2 Rg8 20. Rh1 Ne8 21. Kg1 Be7 22. Kf1
f6 23. Bf2 c6 24. h4 b5 25. Ne3 a5 26. hxg5 fxg5 27. Rgh2 Bf8 28. Ng1 Rh8 29.
Be2 Qd8 30. Nf3 Qf6 31. Nd1 Kg8 32. Be3 Qf7 33. a3 Nef6 34. Nf2 Ba6 35. Kg2 Bb7
36. Kg3 Bg7 37. Nd3 Re8 38. Nf2 Rb8 39. Bd3 1/2-1/2

[Event "Loire jeunes 2013 - Minimes"]
[Site "Roanne"]
[Date "2013.10.20"]
[Round "4.2"]
[White "Moreira, Valentin"]
[Black "Rasle, Corentin"]
[Result "0-1"]
[WhiteElo "1200"]
[BlackElo "1770"]
[PlyCount "54"]
[EventDate "2013.??.??"]

1. e4 e6 2. d4 d5 3. exd5 exd5 4. Nf3 Bd6 5. c4 Nf6 6. c5 Be7 7. Bb5+ c6 8. Ba4
O-O 9. O-O Re8 10. Bf4 Bg4 11. Nbd2 Nbd7 12. b4 Ne4 13. Qb3 a6 14. Qe3 Nxd2 15.
Nxd2 Nf6 16. Rfe1 Bxc5 17. Qxe8+ Nxe8 18. dxc5 Nf6 19. f3 Bh5 20. Rad1 Qd7 21.
Nc4 Qf5 22. Nb6 Rd8 23. Rd4 Re8 24. Rxe8+ Nxe8 25. Kf2 Bg6 26. g4 Qb1 27. Kg3
Qg1+ 0-1

[Event "Loire jeunes 2013 - Minimes"]
[Site "Roanne"]
[Date "2013.10.20"]
[Round "4.3"]
[White "Coulomb, Marc"]
[Black "Acikgoz, Tuncay"]
[Result "0-1"]
[WhiteElo "1600"]
[BlackElo "1590"]
[PlyCount "168"]
[EventDate "2013.??.??"]

1. d4 Nf6 2. c4 c5 3. d5 b5 4. cxb5 a6 5. Nc3 d6 6. e4 g6 7. Nf3 Bg7 8. Qc2 O-O
9. Bf4 Qb6 10. bxa6 Nxa6 11. a3 Rb8 12. Na4 Qb3 13. Qxb3 Rxb3 14. Nd2 Rb8 15.
Rb1 Bd7 16. Bxa6 Bxa4 17. b3 Bb5 18. Bxb5 Rxb5 19. O-O Rfb8 20. f3 Nh5 21. a4
Bd4+ 22. Kh1 Rb4 23. Bg5 f6 24. Bh4 g5 25. Be1 Nf4 26. g3 Nd3 27. f4 g4 28. h3
h5 29. Nf3 gxf3 30. Bxb4 Rxb4 31. Rxf3 Nf2+ 32. Kg2 Nxe4 33. Rd3 Nc3 34. Re1
Nxd5 35. a5 Kf7 36. a6 Rb5 37. b4 Rxb4 38. Rxd4 cxd4 39. Ra1 Rb8 40. Ra5 Nb4
41. a7 Ra8 42. Ra4 Nc6 43. Rc4 d3 44. Rxc6 Rxa7 45. Kf2 Ra3 46. Ke3 d2+ 47.
Kxd2 Rxg3 48. h4 Rg4 49. Ke3 Rxh4 50. Rb6 Rh3+ 51. Ke4 Rc3 52. Rb2 h4 53. Rh2
h3 54. Kd4 Ra3 55. f5 Ke8 56. Kd5 Kd7 57. Rb2 Ra5+ 58. Ke4 Kc6 59. Rc2+ Rc5 60.
Ra2 Kb5 61. Rb2+ Kc4 62. Rc2+ Kb3 63. Rh2 Re5+ 64. Kf4 Kc4 65. Rxh3 d5 66. Rh8
Re4+ 67. Kf3 Re5 68. Rc8+ Kd3 69. Ra8 Rxf5+ 70. Kg4 Re5 71. Ra3+ Kc2 72. Rh3 d4
73. Rh2+ Kc3 74. Rh3+ d3 75. Kf4 Kc2 76. Rh8 d2 77. Rc8+ Kd1 78. Re8 Ke1 79.
Rh8 d1=Q 80. Rh1+ Kd2 81. Rh2+ Re2 82. Rh8 Qf1+ 83. Kg3 Rg2+ 84. Kh3 Qh1# 0-1

[Event "Loire jeunes 2013 - Minimes"]
[Site "Roanne"]
[Date "2013.10.20"]
[Round "4.4"]
[White "Villemagne, Antoine"]
[Black "Blanchin, Benjamin"]
[Result "0-1"]
[WhiteElo "1270"]
[BlackElo "1190"]
[PlyCount "72"]
[EventDate "2013.??.??"]

1. e4 e5 2. Nf3 Nc6 3. Bc4 Nf6 4. Nc3 Bb4 5. d3 O-O 6. O-O d6 7. Nd5 Nxd5 8.
Bxd5 Nd4 9. c3 Nxf3+ 10. Qxf3 c6 11. Bc4 Bc5 12. Qg3 Be6 13. Bh6 Qf6 14. Bg5
Qg6 15. Be3 Qxg3 16. hxg3 Bxe3 17. fxe3 Bxc4 18. dxc4 c5 19. b4 cxb4 20. cxb4
Rac8 21. Rac1 a6 22. c5 dxc5 23. bxc5 f6 24. Rfd1 Rfd8 25. Rd5 Rxd5 26. exd5
Kf8 27. c6 bxc6 28. dxc6 Ke7 29. c7 Kd7 30. Kf2 Rxc7 31. Rh1 h6 32. Rh4 Rc2+
33. Kf3 Rxa2 34. Rb4 g5 35. Rb6 f5 36. Rxh6 g4# 0-1

[Event "Loire jeunes 2013 - Minimes"]
[Site "Roanne"]
[Date "2013.10.20"]
[Round "4.5"]
[White "Prando, Julien"]
[Black "Moreira, Florian"]
[Result "1-0"]
[WhiteElo "1160"]
[BlackElo "1190"]
[PlyCount "99"]
[EventDate "2013.??.??"]

1. e4 e5 2. Nf3 Nc6 3. Bc4 Nf6 4. Nc3 Bb4 5. O-O O-O 6. d3 Bxc3 7. bxc3 h6 8.
Ba3 Re8 9. Re1 d5 10. Bb3 Bg4 11. Bc5 dxe4 12. dxe4 Qxd1 13. Raxd1 Bxf3 14.
gxf3 b5 15. a4 a6 16. h4 Rad8 17. Rxd8 Rxd8 18. axb5 axb5 19. f4 exf4 20. e5
Nd5 21. c4 bxc4 22. Bxc4 Na5 23. Bd3 Nb7 24. Ba3 c5 25. Be4 Nb4 26. c3 f5 27.
exf6 Re8 28. Bd5+ Kf8 29. Rxe8+ Kxe8 30. f7+ Ke7 31. cxb4 Nd6 32. bxc5 Nxf7 33.
c6+ Ke8 34. c7 Kd7 35. Bxf7 Kxc7 36. Bb2 Kc6 37. Bxg7 Kd7 38. Ba2 h5 39. Bf7
Ke7 40. Bxh5 Ke6 41. Bg4+ Ke7 42. h5 Kf7 43. Be5 Kg8 44. Bxf4 Kh7 45. Bf5+ Kh8
46. Be5+ Kg8 47. h6 Kf7 48. h7 Ke7 49. h8=Q Kf7 50. Qh7+ 1-0

[Event "Loire jeunes 2013 - Minimes"]
[Site "Roanne"]
[Date "2013.10.20"]
[Round "5.1"]
[White "Rasle, Corentin"]
[Black "Buisine, Roman"]
[Result "1-0"]
[WhiteElo "1770"]
[BlackElo "1688"]
[PlyCount "81"]
[EventDate "2013.??.??"]

1. f4 e5 2. fxe5 d6 3. exd6 Bxd6 4. Nf3 g5 5. g3 g4 6. Nh4 Nf6 7. d4 Nh5 8. Qd3
Nc6 9. c3 Be6 10. e4 Bc4 11. Qxc4 Nxg3 12. hxg3 Bxg3+ 13. Kd1 Bxh4 14. Be3 Qf6
15. Nd2 O-O-O 16. Kc2 Rdg8 17. Bg2 Bg5 18. Raf1 Qg6 19. Bxg5 Qxg5 20. Qxf7 h5
21. Rf5 Qe3 22. Rfxh5 Nxd4+ 23. cxd4 Qxd4 24. Rxh8 Rxh8 25. Rxh8+ Qxh8 26. Qf5+
Kb8 27. Qxg4 a6 28. Bh3 Qf8 29. Qc8+ Qxc8 30. Bxc8 Kxc8 31. Kc3 Kd7 32. e5 Ke6
33. Nf3 b6 34. Kc4 c6 35. a4 Kd7 36. b4 Ke7 37. a5 bxa5 38. bxa5 Ke6 39. Kc5
Kd7 40. Kb6 c5 41. Kxc5 1-0

[Event "Loire jeunes 2013 - Minimes"]
[Site "Roanne"]
[Date "2013.10.20"]
[Round "5.2"]
[White "Allabrune, Guillaume"]
[Black "Acikgoz, Tuncay"]
[Result "0-1"]
[WhiteElo "1335"]
[BlackElo "1590"]
[PlyCount "50"]
[EventDate "2013.??.??"]

1. c4 Nf6 2. b3 c6 3. Bb2 d5 4. e3 Bf5 5. Nc3 d4 6. exd4 Qxd4 7. Nf3 Qd8 8. d4
e6 9. Be2 Bd6 10. O-O O-O 11. Nh4 Bg6 12. Nxg6 hxg6 13. Qc2 Qc7 14. h3 Nbd7 15.
Rad1 e5 16. Bf3 exd4 17. Rxd4 Rfe8 18. Ne4 Nxe4 19. Bxe4 Bc5 20. Bxg6 fxg6 21.
Qxg6 Bxd4 22. Bxd4 Nf8 23. Qg4 Qd7 24. Qf4 Ne6 25. Qg4 Qxd4 0-1

[Event "Loire jeunes 2013 - Minimes"]
[Site "Roanne"]
[Date "2013.10.20"]
[Round "5.3"]
[White "Blanchin, Benjamin"]
[Black "Moreira, Valentin"]
[Result "0-1"]
[WhiteElo "1190"]
[BlackElo "1200"]
[PlyCount "54"]
[EventDate "2013.??.??"]

1. e4 e5 2. Nf3 Nc6 3. d4 exd4 4. Nxd4 Bc5 5. Be3 Qf6 6. Nxc6 Bxe3 7. fxe3 Qh4+
8. g3 Qxe4 9. Nd4 Qxh1 10. Qg4 g6 11. Qh3 d5 12. Qh6 Nxh6 13. Nc3 Bh3 14. O-O-O
Qxh2 15. Nxd5 O-O-O 16. Bxh3+ Qxh3 17. Ne7+ Kb8 18. Ne2 Rxd1+ 19. Kxd1 Qd7+ 20.
Ke1 Qxe7 21. a4 Qxe3 22. b4 Re8 23. Kd1 Qxe2+ 24. Kc1 Rd8 25. Kb2 Qc4 26. Ka3
Qxc2 27. g4 Rd3# 0-1

[Event "Loire jeunes 2013 - Minimes"]
[Site "Roanne"]
[Date "2013.10.20"]
[Round "5.4"]
[White "Moreira, Florian"]
[Black "Coulomb, Marc"]
[Result "0-1"]
[WhiteElo "1190"]
[BlackElo "1600"]
[PlyCount "36"]
[EventDate "2013.??.??"]

1. b4 e5 2. Bb2 d6 3. b5 Nf6 4. e3 Be6 5. d4 exd4 6. exd4 d5 7. Nd2 g6 8. c4 c6
9. c5 Bg7 10. Bc3 O-O 11. a4 b6 12. Bb4 bxc5 13. Bxc5 Re8 14. Be2 Qa5 15. Ra2
cxb5 16. Bxb5 Bd7+ 17. Ne2 Bxb5 18. O-O Bxe2 0-1

[Event "Loire jeunes 2013 - Minimes"]
[Site "Roanne"]
[Date "2013.10.20"]
[Round "5.5"]
[White "Prando, Julien"]
[Black "Villemagne, Antoine"]
[Result "0-1"]
[WhiteElo "1160"]
[BlackElo "1270"]
[PlyCount "86"]
[EventDate "2013.??.??"]

1. e4 e5 2. Nf3 Nc6 3. Nc3 Nf6 4. Bc4 Bb4 5. d3 d6 6. Bd2 Bg4 7. Qe2 Nd4 8. Qd1
c6 9. h3 Bh5 10. Ne2 Bxd2+ 11. Nxd2 d5 12. c3 Nxe2 13. exd5 Ng3 14. Qa4 b5 15.
Bxb5 cxb5 16. Qxb5+ Qd7 17. Qxd7+ Nxd7 18. fxg3 O-O 19. g4 Bg6 20. Nc4 Bxd3 21.
b3 f5 22. O-O-O Bxc4 23. bxc4 Rac8 24. Rhf1 Rxc4 25. Kb2 Nc5 26. gxf5 Rf4 27.
g4 Rxf1 28. Rxf1 g6 29. fxg6 Rxf1 30. gxh7+ Kxh7 31. h4 e4 32. Kc2 Rg1 33. g5
Kg6 34. d6 e3 35. a3 e2 36. d7 Nxd7 37. Kd3 e1=Q 38. Kc4 Qxh4+ 39. Kd5 Qxg5+
40. Kc6 Kh7 41. Kxd7 Qf6 42. c4 Rg7+ 43. Ke8 Qe7# 0-1